00000000nam##2200000za#4500
0019.688257
003CaOODSP
00520210624231337
007cr |||||||||||
008150407|2005||||xxc|||||o    f|0| 0 eng|d
040 |aCaOODSP|beng
043 |an-cn---
0861 |aM144-67/2005E-PDF
1101 |aCanada.|bNatural Resources Canada. |bOffice of Energy Efficiency.
24510|aRoad rehabilitation energy reduction guide for Canadian road builders |h[electronic resource]
260 |aOttawa - Ontario : |bNatural Resources Canada. |c2005.
300 |a29p.|bfigs., tables
500 |aCatalogue number and ISBN of the bilingual print edition have been printed in the PDF edition.
500 |a"In collaboration with the Canadian Construction Association"
590 |a06-12|b2006-03-24
69007|aRoad construction|2gcpds
77508|tGuide d'économie d'énergie pour la réfection des routes à l'intention des entrepreneurs canadiens en construction routière |w(CaOODSP)9.632689
85640|ahttp://publications.gc.ca|qPDF|s553 KB|uhttps://publications.gc.ca/collections/Collection/M144-67-2005E.pdf